[Event "Toronto-ch Seniors"]
[Site "Toronto CAN"]
[Date "2023.11.09"]
[Round "4.4"]
[White "Campbell, Brett"]
[Black "Momic, Jovan"]
[Result "1/2-1/2"]
[WhiteElo "2053"]
[BlackElo "1683"]
[PlyCount "57"]
[EventDate "2023.10.19"]
[EventType "tourn"]
[EventRounds "9"]
[EventCountry "CAN"]

1. e4 d6 2. d4 Nf6 3. Nc3 c6 4. Nf3 Bg4 5. Be2 Nbd7 6. a4 a5 7. Be3 e5 8. Nd2
Bxe2 9. Qxe2 Be7 10. O-O O-O 11. f4 Qc7 12. dxe5 dxe5 13. Nc4 Bb4 14. fxe5 Bxc3
15. exf6 Bxf6 16. Bf4 Ne5 17. Rad1 Qe7 18. b3 Rfe8 19. Nd6 Red8 20. Bxe5 Qxe5
21. Rf5 Qe7 22. e5 Rd7 23. Qg4 Qe6 24. exf6 g6 25. Rf4 Rxd6 26. Rdf1 Qe3+ 27.
Kh1 Rad8 28. h4 Rd5 29. Re4 1/2-1/2

[Event "Toronto-ch Seniors"]
[Site "Toronto CAN"]
[Date "2023.11.09"]
[Round "4.5"]
[White "Verde, Pino"]
[Black "Malakhovets, Sergey"]
[Result "0-1"]
[WhiteElo "1479"]
[BlackElo "2181"]
[PlyCount "48"]
[EventDate "2023.10.19"]
[EventType "tourn"]
[EventRounds "9"]
[EventCountry "CAN"]

1. e4 c6 2. d3 d5 3. Nd2 e5 4. Ngf3 Bd6 5. g3 Nf6 6. Bg2 O-O 7. O-O Re8 8. Re1
Nbd7 9. Nf1 a5 10. h4 Nc5 11. exd5 cxd5 12. d4 exd4 13. Nxd4 Nce4 14. Be3 Bd7
15. Nf3 h6 16. N3d2 Be5 17. Nxe4 dxe4 18. Bd4 Bg4 19. f3 Qxd4+ 20. Kh2 exf3 21.
Qxd4 Bxd4 22. Bh3 Re2+ 23. Rxe2 fxe2 24. Nd2 Bf2 0-1

[Event "Toronto-ch Seniors"]
[Site "Toronto CAN"]
[Date "2023.11.16"]
[Round "5.1"]
[White "Malakhovets, Sergey"]
[Black "Berengolts, Isai"]
[Result "1-0"]
[WhiteElo "2181"]
[BlackElo "1996"]
[PlyCount "173"]
[EventDate "2023.10.19"]
[EventType "tourn"]
[EventRounds "9"]
[EventCountry "CAN"]

1. d4 Nf6 2. Bf4 e6 3. e3 c5 4. Nf3 b6 5. Nbd2 Bb7 6. Bd3 cxd4 7. exd4 Be7 8.
h3 d6 9. a4 a6 10. O-O O-O 11. Re1 Nbd7 12. a5 Re8 13. Nc4 Qc7 14. Bh2 b5 15.
Ncd2 Bd5 16. b3 Qc3 17. Re3 Qc6 18. c4 bxc4 19. bxc4 Bxf3 20. Nxf3 Rab8 21. Qe1
Bf8 22. g4 Red8 23. Nd2 g6 24. g5 Nh5 25. Be2 Ng7 26. Bf3 Qc8 27. Bg4 Nf5 28.
Bxf5 exf5 29. c5 dxc5 30. Bxb8 cxd4 31. Rb3 Nxb8 32. Rc1 Qd7 33. Qe2 Re8 34.
Qf3 Bd6 35. Kg2 Qd8 36. h4 Nd7 37. Nc4 Bb8 38. Nb6 Nxb6 39. axb6 Re4 40. b7 Qd6
41. Rc8+ Kg7 42. Rxb8 Qxb8 43. h5 h6 44. hxg6 fxg6 45. gxh6+ Kxh6 46. Qh3+ Kg7
47. Qh2 Re8 48. Qh4 Re4 49. Qh3 a5 50. Rb6 Re7 51. Qf3 Kh7 52. Qg3 Qxb7+ 53.
Rxb7 Rxb7 54. Qh4+ Kg8 55. Qxd4 Rf7 56. Qb6 Kg7 57. Qxa5 g5 58. Qe5+ Kg6 59. f3
Rf8 60. Qd6+ Rf6 61. Qe7 Rf7 62. Qe8 Kg7 63. Kg3 Rf6 64. Qe7+ Kg6 65. Qe8+ Kg7
66. Qh5 Rh6 67. Qe8 Rf6 68. f4 g4 69. Qh5 Kf8 70. Qh7 Rf7 71. Qh8+ Ke7 72. Qe5+
Kf8 73. Qd6+ Kg8 74. Qe6 Kf8 75. Kh4 Rh7+ 76. Kg5 g3 77. Kxf5 Re7 78. Qh6+ Kg8
79. Qh3 Rg7 80. Qg2 Kh7 81. Ke4 Kg8 82. Kf3 Kf7 83. Qa2+ Kf6 84. Qb2+ Kf7 85.
Kg2 Rg6 86. Qe5 Kf8 87. f5 1-0

[Event "Toronto-ch Seniors"]
[Site "Toronto CAN"]
[Date "2023.11.16"]
[Round "5.3"]
[White "Corrie, Michael"]
[Black "Campbell, Brett"]
[Result "0-1"]
[WhiteElo "1578"]
[BlackElo "2053"]
[PlyCount "80"]
[EventDate "2023.10.19"]
[EventType "tourn"]
[EventRounds "9"]
[EventCountry "CAN"]

1. d4 Nf6 2. Bf4 g6 3. Nc3 Bg7 4. e4 d6 5. Qd2 h6 6. O-O-O g5 7. Be3 Ng4 8. f4
Nxe3 9. Qxe3 gxf4 10. Qxf4 e5 11. dxe5 Bxe5 12. Qd2 Nc6 13. Nf3 Bg7 14. Bb5 O-O
15. Rhg1 Be6 16. Bxc6 bxc6 17. Nd4 c5 18. Nf5 Bxf5 19. exf5 Bxc3 20. bxc3 Qg5
21. Qxg5+ hxg5 22. f6 Kh7 23. h4 gxh4 24. g4 Kg6 25. g5 Rae8 26. Rd5 h3 27. Rh1
Re3 28. Kd2 Rfe8 29. Rd3 Rxd3+ 30. Kxd3 Rh8 31. Kc4 Kxg5 32. Kb5 Kxf6 33. Ka6
h2 34. a4 Ke5 35. Kxa7 Kf4 36. Kb7 Kg3 37. a5 Kg2 38. Ra1 h1=Q 39. Rxh1 Kxh1
40. Kxc7 f5 0-1

[Event "Toronto-ch Seniors"]
[Site "Toronto CAN"]
[Date "2023.11.16"]
[Round "5.4"]
[White "Upper, John"]
[Black "Fradkin, Benjamin"]
[Result "1/2-1/2"]
[WhiteElo "2163"]
[BlackElo "1914"]
[PlyCount "87"]
[EventDate "2023.10.19"]
[EventType "tourn"]
[EventRounds "9"]
[EventCountry "CAN"]

1. c4 e6 2. Nc3 d5 3. e3 Nf6 4. Nf3 Be7 5. b3 O-O 6. Bb2 c5 7. cxd5 exd5 8. d4
Ne4 9. Rc1 cxd4 10. Nxd4 Bf6 11. Be2 Nxc3 12. Bxc3 Nc6 13. O-O Nxd4 14. Bxd4
Bxd4 15. Qxd4 Be6 16. Rfd1 b6 17. Ba6 Rb8 18. a4 Qe7 19. Rc3 Qg5 20. Rc7 Bc8
21. Bxc8 Rbxc8 22. f4 Qd8 23. Rxc8 Qxc8 24. Qxd5 g6 25. h3 Qc3 26. Qd3 Qc5 27.
g4 Re8 28. Kf2 h6 29. Rd2 Qe7 30. Re2 Rd8 31. Qc2 Qb7 32. e4 Qe7 33. Re3 Rd4
34. Kf3 Qd8 35. Ke2 Qf6 36. Qc3 Qd6 37. Qc8+ Kh7 38. Qc3 g5 39. e5 Qd5 40. Kf2
gxf4 41. Rf3 Rd2+ 42. Ke1 Ra2 43. Qd3+ Qxd3 44. Rxd3 1/2-1/2

[Event "Toronto-ch Seniors"]
[Site "Toronto CAN"]
[Date "2023.11.16"]
[Round "5.5"]
[White "Barron, Michael"]
[Black "Oancea, Nicolae"]
[Result "0-1"]
[WhiteElo "2286"]
[BlackElo "2035"]
[PlyCount "60"]
[EventDate "2023.10.19"]
[EventType "tourn"]
[EventRounds "9"]
[EventCountry "CAN"]

1. e4 e5 2. Nf3 Nc6 3. Bb5 f5 4. Nc3 fxe4 5. Nxe4 d5 6. Nxe5 dxe4 7. Nxc6 bxc6
8. Bxc6+ Bd7 9. Qh5+ Ke7 10. Qe5+ Be6 11. d4 Kf7 12. d5 Bd7 13. Bg5 Be7 14.
Qf4+ Nf6 15. Bxa8 Qxa8 16. Bxf6 Bxf6 17. Qxc7 Rd8 18. O-O-O Kg8 19. Rhe1 Bg4
20. f3 exf3 21. Re4 Bf5 22. gxf3 h6 23. Re2 Kh8 24. b3 Rxd5 25. Rde1 Bg6 26.
Rg1 Kh7 27. f4 Qf8 28. Qxa7 Bd4 29. Qb7 Qa3+ 30. Kd1 Be3+ 0-1

[Event "Toronto-ch Seniors"]
[Site "Toronto CAN"]
[Date "2023.11.23"]
[Round "6.1"]
[White "Berengolts, Isai"]
[Black "Oancea, Nicolae"]
[Result "0-1"]
[WhiteElo "1996"]
[BlackElo "2035"]
[PlyCount "96"]
[EventDate "2023.10.19"]
[EventType "tourn"]
[EventRounds "9"]
[EventCountry "CAN"]

1. e4 b6 2. d4 Bb7 3. Nc3 e6 4. Nf3 Bb4 5. Bd3 Nf6 6. Qe2 d5 7. e5 Ne4 8. Bd2
Nxd2 9. Nxd2 Nc6 10. Qg4 Qe7 11. a3 Bxc3 12. bxc3 O-O 13. O-O f5 14. exf6 Qxf6
15. Rae1 e5 16. dxe5 Nxe5 17. Bxh7+ Kxh7 18. Qh5+ Kg8 19. Qxe5 Qf7 20. Nf3 Ba6
21. Qg5 Bxf1 22. Re7 Qf6 23. Qxd5+ Kh8 24. Re5 Qf7 25. Qe4 Kg8 26. Kxf1 Rae8
27. Rxe8 Rxe8 28. Ne5 Qe6 29. f4 c6 30. c4 Qd6 31. Qd3 Qh6 32. g3 Qf6 33. Kg2
Rd8 34. Qe4 Rd2+ 35. Kf3 Rxh2 36. Ng6 Qd8 37. Kg4 Qd1+ 38. Qf3 Qxf3+ 39. Kxf3
Rxc2 40. Ne7+ Kf8 41. Nxc6 Rc3+ 42. Ke4 Rxc4+ 43. Kd5 Rc5+ 44. Kd6 a5 45. Ne5
Rc3 46. Nd7+ Kf7 47. Nxb6 Rxa3 48. g4 Rb3 0-1

[Event "Toronto-ch Seniors"]
[Site "Toronto CAN"]
[Date "2023.11.23"]
[Round "6.2"]
[White "Fradkin, Benjamin"]
[Black "Barron, Michael"]
[Result "0-1"]
[WhiteElo "1914"]
[BlackElo "2286"]
[PlyCount "134"]
[EventDate "2023.10.19"]
[EventType "tourn"]
[EventRounds "9"]
[EventCountry "CAN"]

1. d4 f5 2. c4 Nf6 3. Nc3 d6 4. Nf3 g6 5. g3 Bg7 6. Bg2 O-O 7. O-O c6 8. b3 Na6
9. Bb2 Bd7 10. Rc1 Rc8 11. e3 b5 12. d5 b4 13. Ne2 cxd5 14. cxd5 Qa5 15. Rxc8
Rxc8 16. Nfd4 Nc5 17. Nc6 Bxc6 18. dxc6 Qxa2 19. Bxf6 Bxf6 20. Qd5+ Kg7 21. Nd4
Qa6 22. h4 Qd3 23. Rc1 Bxd4 24. exd4 Nxb3 25. Re1 Rc7 26. Re3 Qd1+ 27. Kh2 Nxd4
28. Qa5 Rxc6 29. Rxe7+ Kf6 30. Qxa7 Nf3+ 31. Bxf3 Qxf3 32. Rxh7 Ke5 33. Re7+
Kd5 34. Qa2+ Kc5 35. Re3 Qd1 36. Qa5+ Kc4 37. Qa8 Rb6 38. Qc8+ Kb5 39. Qe8+ Kc5
40. Qc8+ Rc6 41. Qa8 Qd2 42. Qa7+ Kc4 43. Kg2 Qd5+ 44. Kh2 Qc5 45. Qf7+ Kb5 46.
Qxg6 Qc2 47. Rf3 b3 48. Rxf5+ Rc5 49. Qe8+ Kb4 50. Rf4+ Ka3 51. Qa4+ Kb2 52.
Qd4+ Ka2 53. Qxd6 b2 54. Qe6+ Kb1 55. Qe1+ Qc1 56. Qe4+ Rc2 57. h5 Qd1 58. h6
Kc1 59. Qe3+ Qd2 60. Qa3 Rc3 61. Qe7 b1=Q 62. h7 Qbb2 63. Qg5 Rc7 64. Qg8 Qxf4
65. gxf4 Qxf2+ 66. Kh1 Qf1+ 67. Kh2 Rc2+ 0-1

[Event "Toronto-ch Seniors"]
[Site "Toronto CAN"]
[Date "2023.11.23"]
[Round "6.3"]
[White "Campbell, Brett"]
[Black "Upper, John"]
[Result "1/2-1/2"]
[WhiteElo "2053"]
[BlackElo "2163"]
[PlyCount "69"]
[EventDate "2023.10.19"]
[EventType "tourn"]
[EventRounds "9"]
[EventCountry "CAN"]

1. Nf3 d5 2. d4 Nf6 3. Bf4 e6 4. e3 Be7 5. h3 O-O 6. Nbd2 c5 7. c3 Nc6 8. Bd3
b6 9. O-O Bb7 10. a3 Bd6 11. Bxd6 Qxd6 12. Bb5 Nd7 13. e4 dxe4 14. Nxe4 Qd5 15.
dxc5 Qxe4 16. Qxd7 Ne5 17. Qd1 Rad8 18. Qe2 Nxf3+ 19. Qxf3 Qxf3 20. gxf3 Bxf3
21. Kh2 bxc5 22. Kg3 Bh5 23. b4 Rd5 24. Bc4 Rf5 25. f4 cxb4 26. cxb4 Rd8 27.
Rac1 h6 28. h4 Rd4 29. Ba6 e5 30. fxe5 Rg4+ 31. Kh3 Re4 32. Rxf5 Bg4+ 33. Kg3
Bxf5 34. Rc7 g5 35. hxg5 1/2-1/2

[Event "Toronto-ch Seniors"]
[Site "Toronto CAN"]
[Date "2023.11.23"]
[Round "6.4"]
[White "Verde, Pino"]
[Black "Corrie, Michael"]
[Result "1-0"]
[WhiteElo "1479"]
[BlackElo "1578"]
[PlyCount "51"]
[EventDate "2023.10.19"]
[EventType "tourn"]
[EventRounds "9"]
[EventCountry "CAN"]

1. Nf3 d5 2. g3 Nc6 3. Bg2 e5 4. d3 Nf6 5. Nbd2 Bf5 6. Nh4 Bg4 7. O-O Qd7 8.
Re1 Bc5 9. c3 Bh3 10. Bf3 Ng4 11. e3 O-O-O 12. Nb3 Be7 13. Ng2 h5 14. Qc2 h4
15. Re2 hxg3 16. fxg3 Bg5 17. Nc5 Qf5 18. Ne1 b6 19. e4 dxe4 20. dxe4 Qg6 21.
Ncd3 Nf6 22. Qa4 Kb7 23. Qxc6+ Kxc6 24. Nxe5+ Kb7 25. Nxg6 fxg6 26. Bxg5 1-0

[Event "Toronto-ch Seniors"]
[Site "Toronto CAN"]
[Date "2023.11.23"]
[Round "6.5"]
[White "Malakhovets, Sergey"]
[Black "Momic, Jovan"]
[Result "1-0"]
[WhiteElo "2181"]
[BlackElo "1683"]
[PlyCount "109"]
[EventDate "2023.10.19"]
[EventType "tourn"]
[EventRounds "9"]
[EventCountry "CAN"]

1. d4 d5 2. Bf4 e6 3. e3 c5 4. Nf3 Nf6 5. Nbd2 Nc6 6. c3 Bd6 7. Bg3 cxd4 8.
exd4 O-O 9. Bd3 Re8 10. O-O e5 11. dxe5 Nxe5 12. Nxe5 Bxe5 13. Bxe5 Rxe5 14.
Nc4 Bg4 15. Nxe5 Bxd1 16. Raxd1 Qb6 17. Rb1 Ne4 18. Nf3 Re8 19. Bc2 g5 20. h3
h5 21. Bxe4 dxe4 22. Nd4 Re5 23. Rfe1 Qg6 24. Rbd1 g4 25. Re3 f5 26. hxg4 hxg4
27. g3 Re7 28. Ne2 Qb6 29. b4 Rh7 30. Nf4 Kf8 31. Rd8+ Kf7 32. Rd5 Qf6 33. Rc5
Ke8 34. Ng2 Qe6 35. c4 Rd7 36. Nh4 Rf7 37. Ng2 b6 38. Rd5 Qf6 39. Nh4 Qe6 40.
Ng2 Kf8 41. Re1 Qc6 42. Ne3 f4 43. gxf4 Rxf4 44. Red1 Rf7 45. Nf5 Kg8 46. Rd8+
Kh7 47. R1d6 Rf6 48. Rxc6 Rxc6 49. Rd7+ Kh8 50. Ne3 a5 51. bxa5 bxa5 52. Re7 g3
53. fxg3 Rf6 54. Rxe4 Rf3 55. Kg2 1-0

[Event "Toronto-ch Seniors"]
[Site "Toronto CAN"]
[Date "2023.11.30"]
[Round "7.1"]
[White "Momic, Jovan"]
[Black "Berengolts, Isai"]
[Result "0-1"]
[WhiteElo "1683"]
[BlackElo "1996"]
[PlyCount "62"]
[EventDate "2023.10.19"]
[EventType "tourn"]
[EventRounds "9"]
[EventCountry "CAN"]

1. d4 Nf6 2. c4 e6 3. Nf3 b6 4. g3 Bb7 5. Bg2 c5 6. e3 Be7 7. Nc3 O-O 8. O-O d5
9. b3 Qc8 10. Ba3 Re8 11. Rc1 dxc4 12. bxc4 Nc6 13. Qa4 Na5 14. Ne5 Bxg2 15.
Kxg2 Qb7+ 16. f3 Rac8 17. Rb1 Qa8 18. Qb5 Bd6 19. Nd1 Red8 20. Bb2 Bxe5 21.
dxe5 Rd2+ 22. Rf2 Ne4 23. Rxd2 Nxd2 24. e4 Nxb1 25. Bc1 Rd8 26. Ne3 Nc3 27. Qb2
Nd1 28. Qc2 Nxe3+ 29. Bxe3 Qc8 30. f4 Qa6 31. Qd3 Rxd3 0-1

[Event "Toronto-ch Seniors"]
[Site "Toronto CAN"]
[Date "2023.11.30"]
[Round "7.2"]
[White "Corrie, Michael"]
[Black "Malakhovets, Sergey"]
[Result "0-1"]
[WhiteElo "1578"]
[BlackElo "2181"]
[PlyCount "120"]
[EventDate "2023.10.19"]
[EventType "tourn"]
[EventRounds "9"]
[EventCountry "CAN"]

1. d4 d5 2. Bf4 c5 3. e3 cxd4 4. exd4 Nc6 5. Nf3 Bg4 6. c3 e6 7. h3 Bh5 8. Nbd2
Bd6 9. Bxd6 Qxd6 10. Be2 Nge7 11. Ne5 Nxe5 12. Bb5+ N5c6 13. Qxh5 Ng6 14. O-O
a6 15. Bxc6+ bxc6 16. Nf3 Rb8 17. b4 Nf4 18. Qe5 Qxe5 19. Nxe5 Rc8 20. Rfe1 f6
21. Nf3 Kf7 22. Nd2 Rhe8 23. Re3 e5 24. dxe5 Rxe5 25. Rxe5 fxe5 26. Re1 Kf6 27.
Nb3 Ne6 28. Re3 c5 29. Nxc5 Nxc5 30. bxc5 Rxc5 31. Kf1 Ra5 32. Re2 Ra3 33. Rc2
Ke6 34. Ke2 Kd6 35. Kd2 Kc5 36. Kc1 Kc4 37. Kb2 Ra5 38. Re2 Rb5+ 39. Kc2 Ra5
40. Kb2 d4 41. cxd4 exd4 42. Rd2 d3 43. f4 Kd4 44. Kc1 Ke3 45. g3 Rb5 46. g4
Rc5+ 47. Kd1 Rc2 48. Rxc2 dxc2+ 49. Kxc2 Kxf4 50. Kb3 Kg3 51. Kb4 Kxh3 52. Ka5
Kxg4 53. Kxa6 h5 54. a4 h4 55. a5 h3 56. Ka7 h2 57. a6 h1=Q 58. Kb8 Qb1+ 59.
Ka8 g5 60. a7 Qa2 0-1

[Event "Toronto-ch Seniors"]
[Site "Toronto CAN"]
[Date "2023.11.30"]
[Round "7.3"]
[White "Upper, John"]
[Black "Verde, Pino"]
[Result "1-0"]
[WhiteElo "2163"]
[BlackElo "1479"]
[PlyCount "79"]
[EventDate "2023.10.19"]
[EventType "tourn"]
[EventRounds "9"]
[EventCountry "CAN"]

1. Nf3 Nf6 2. b3 g6 3. Bb2 Bg7 4. c4 d6 5. g3 b6 6. Bg2 Bb7 7. O-O O-O 8. d3
Nbd7 9. Nc3 a6 10. Qc2 e6 11. Rfe1 Re8 12. a3 Rb8 13. b4 c5 14. Rac1 e5 15. Nh4
Bxg2 16. Nxg2 Bh6 17. Ra1 Nf8 18. Bc1 Bg7 19. Ne3 Ne6 20. Ned5 Nd4 21. Qb1 h5
22. Bg5 Ne6 23. Bxf6 Bxf6 24. Nxf6+ Qxf6 25. Qd1 h4 26. Nd5 Qg5 27. Qc1 Nf4 28.
Kh1 hxg3 29. fxg3 Kg7 30. gxf4 Qh4 31. e4 Rh8 32. Re2 Rh5 33. Qe3 Rbh8 34. Raa2
Qg4 35. fxe5 Rh3 36. Qf4 Qxf4 37. Nxf4 R3h4 38. Nd5 b5 39. exd6 bxc4 40. dxc4
1-0

[Event "Toronto-ch Seniors"]
[Site "Toronto CAN"]
[Date "2023.11.20"]
[Round "7.4"]
[White "Barron, Michael"]
[Black "Campbell, Brett"]
[Result "1-0"]
[WhiteElo "2286"]
[BlackElo "2053"]
[PlyCount "117"]
[EventDate "2023.10.19"]
[EventType "tourn"]
[EventRounds "9"]
[EventCountry "CAN"]

1. e4 e5 2. Nf3 Nc6 3. Bb5 a6 4. Ba4 Nf6 5. O-O Be7 6. Re1 b5 7. Bb3 d6 8. c3
O-O 9. d4 Bg4 10. d5 Na5 11. Bc2 c5 12. b3 Re8 13. Nbd2 Bf8 14. Nf1 g6 15. h3
Bd7 16. g4 h5 17. g5 Nh7 18. Kg2 Be7 19. Qd2 Rf8 20. h4 f6 21. N1h2 fxg5 22.
Nxg5 Nxg5 23. hxg5 Rf4 24. Rg1 Qf8 25. f3 Nb7 26. Qf2 Rf7 27. Be3 Qc8 28. Qh4
Qf8 29. Raf1 Qg7 30. Kf2 a5 31. Ke2 b4 32. c4 a4 33. Ra1 Rff8 34. Rgb1 a3 35.
Rf1 Nd8 36. Qe1 Nf7 37. Qd2 Rfe8 38. Rf2 Rf8 39. Rg1 Rae8 40. Qc1 Bd8 41. Qf1
Bc7 42. Qg2 Nd8 43. Qg3 Re7 44. Nf1 Ref7 45. Nd2 Bc8 46. Rh1 Bd7 47. Rh4 Bc8
48. Bd3 Bd7 49. Kd1 Bc8 50. Bf1 Bd7 51. Bh3 Be8 52. Ke2 Nb7 53. Be6 Nd8 54.
Bxf7+ Rxf7 55. f4 Bd7 56. fxe5 Bg4+ 57. Rxg4 Rxf2+ 58. Bxf2 hxg4 59. exd6 1-0

[Event "Toronto-ch Seniors"]
[Site "Toronto CAN"]
[Date "2023.12.07"]
[Round "8.2"]
[White "Campbell, Brett"]
[Black "Oancea, Nicolae"]
[Result "1/2-1/2"]
[WhiteElo "2053"]
[BlackElo "2035"]
[PlyCount "95"]
[EventDate "2023.10.19"]
[EventType "tourn"]
[EventRounds "9"]
[EventCountry "CAN"]

1. e4 g6 2. d4 Bg7 3. c4 c5 4. d5 d6 5. Bd3 Nd7 6. Nc3 Ne5 7. Be2 f5 8. exf5
Bxf5 9. g4 Bd7 10. f4 Nf7 11. h3 Bxc3+ 12. bxc3 e5 13. Nf3 e4 14. Ng5 Qe7 15.
Nxf7 Qh4+ 16. Kd2 Kxf7 17. Qe1 Qe7 18. Ke3 Nf6 19. Qg3 Rhf8 20. Bd2 Kg8 21.
Rhb1 b5 22. g5 Ne8 23. cxb5 Qf7 24. c4 Bxh3 25. Bc3 Ng7 26. Kf2 e3+ 27. Qxe3
Rae8 28. Qxh3 Qxf4+ 29. Bf3 Re3 30. Bf6 Nf5 31. Re1 Rfe8 32. Rxe3 Qxe3+ 33. Kg2
Qd2+ 34. Kh1 Re3 35. Rf1 Qd3 36. Kg1 Qxc4 37. Qh2 Qd3 38. Qf4 Qxb5 39. Rf2 Qb1+
40. Kh2 Qe1 41. Bg2 Qd1 42. Bf3 Qd3 43. Bg2 Qd1 44. Rb2 Qh5+ 45. Kg1 Rg3 46.
Rb8+ Kf7 47. Rb7+ Kg8 48. Rb1 1/2-1/2

[Event "Toronto-ch Seniors"]
[Site "Toronto CAN"]
[Date "2023.12.07"]
[Round "8.3"]
[White "Verde, Pino"]
[Black "Barron, Michael"]
[Result "0-1"]
[WhiteElo "1479"]
[BlackElo "2286"]
[PlyCount "74"]
[EventDate "2023.10.19"]
[EventType "tourn"]
[EventRounds "9"]
[EventCountry "CAN"]

1. e4 e5 2. Nf3 Nc6 3. Bc4 Bc5 4. c3 Nf6 5. d3 O-O 6. O-O d5 7. Bb3 dxe4 8.
dxe4 Qxd1 9. Rxd1 Nxe4 10. Be3 Bxe3 11. fxe3 Nc5 12. Bc2 Bg4 13. Rf1 f6 14. b4
Ne6 15. Nbd2 Rad8 16. Bb3 Rfe8 17. h3 Bh5 18. Ne4 Bf7 19. Rad1 Rxd1 20. Rxd1
Rd8 21. Rxd8+ Nexd8 22. Bxf7+ Kxf7 23. Nc5 b6 24. Nb3 Ke6 25. Kf2 Kd5 26. Nfd2
e4 27. c4+ Ke5 28. a3 Ne6 29. h4 f5 30. g3 a5 31. bxa5 bxa5 32. Nb1 a4 33. N3d2
Nc5 34. Nc3 Na5 35. Nb5 c6 36. Nd4 Ncb3 37. N4xb3 axb3 0-1

[Event "Toronto-ch Seniors"]
[Site "Toronto CAN"]
[Date "2023.12.07"]
[Round "8.5"]
[White "Momic, Jovan"]
[Black "Corrie, Michael"]
[Result "0-1"]
[WhiteElo "1683"]
[BlackElo "1578"]
[PlyCount "56"]
[EventDate "2023.10.19"]
[EventType "tourn"]
[EventRounds "9"]
[EventCountry "CAN"]

1. d4 d5 2. c4 e6 3. Nc3 Be7 4. Bf4 Nf6 5. Nf3 Bd6 6. Bg3 O-O 7. c5 Bxg3 8.
hxg3 b6 9. cxb6 cxb6 10. e3 Ba6 11. Bd3 Bxd3 12. Qxd3 h6 13. O-O-O Nbd7 14. Kb1
Qe7 15. a3 a6 16. Rh4 b5 17. Na2 Ne4 18. Qe2 Rab8 19. Nb4 Rb6 20. Rdh1 a5 21.
Nd3 b4 22. a4 Nc3+ 23. bxc3 bxc3+ 24. Ka2 Rfb8 25. Rxh6 gxh6 26. Nfe5 Nxe5 27.
dxe5 Rb3 28. Rxh6 Ra3# 0-1

[Event "Toronto-ch Seniors"]
[Site "Toronto CAN"]
[Date "2023.12.14"]
[Round "9.1"]
[White "Corrie, Michael"]
[Black "Berengolts, Isai"]
[Result "1/2-1/2"]
[WhiteElo "1578"]
[BlackElo "1996"]
[PlyCount "70"]
[EventDate "2023.10.19"]
[EventType "tourn"]
[EventRounds "9"]
[EventCountry "CAN"]

1. d4 Nf6 2. Bf4 e6 3. e3 c5 4. Nf3 b6 5. Nbd2 Bb7 6. Bd3 Nc6 7. c3 Be7 8. h3
Rc8 9. O-O O-O 10. e4 cxd4 11. cxd4 Nb4 12. Qb1 d5 13. e5 Nxd3 14. Qxd3 Ne4 15.
Rac1 Qd7 16. Qe3 Qb5 17. Nb3 a5 18. Rb1 a4 19. Nbd2 Rc2 20. b3 a3 21. Rfc1 Rfc8
22. Nxe4 dxe4 23. Ne1 Re2 24. Rxc8+ Bxc8 25. Qc3 Ba6 26. Nc2 Qd3 27. Qc7 Qxc2
28. Qxe7 Qxb1+ 29. Kh2 h6 30. Bxh6 Rxf2 31. Qg5 Rxg2+ 32. Kxg2 Qf1+ 33. Kh2
Qf2+ 34. Kh1 Qf1+ 35. Kh2 Qf2+ 1/2-1/2

[Event "Toronto-ch Seniors"]
[Site "Toronto CAN"]
[Date "2023.12.14"]
[Round "9.2"]
[White "Upper, John"]
[Black "Momic, Jovan"]
[Result "1-0"]
[WhiteElo "2163"]
[BlackElo "1683"]
[PlyCount "93"]
[EventDate "2023.10.19"]
[EventType "tourn"]
[EventRounds "9"]
[EventCountry "CAN"]

1. c4 g6 2. d4 d6 3. Nf3 Bg7 4. Nc3 Nf6 5. e4 O-O 6. Be2 Nbd7 7. O-O e5 8. d5
Nc5 9. Qc2 a5 10. Ne1 Qe7 11. Bg5 h6 12. Be3 b6 13. f3 Kh7 14. g4 Rh8 15. Ng2
Bd7 16. b3 Raf8 17. a3 Na6 18. Rab1 Ne8 19. b4 axb4 20. axb4 Bc8 21. Bd3 Bf6
22. Ne2 Bg5 23. Bf2 Ng7 24. h4 Bf6 25. Qd2 Kg8 26. Ra1 Nb8 27. Ra7 Qd8 28. c5
bxc5 29. bxc5 c6 30. Rb1 Bd7 31. Rbb7 Be8 32. Ra8 Bd7 33. cxd6 Bxg4 34. Rbxb8
Qxb8 35. Rxb8 Rxb8 36. fxg4 cxd5 37. exd5 Ne8 38. d7 Nd6 39. Bc5 Nb7 40. Bb6
Kg7 41. Bc7 Ra8 42. g5 hxg5 43. hxg5 Bd8 44. Bxe5+ f6 45. Bxf6+ Bxf6 46. gxf6+
Kf7 47. Qb4 1-0

[Event "Toronto-ch Seniors"]
[Site "Toronto CAN"]
[Date "2023.12.14"]
[Round "9.3"]
[White "Barron, Michael"]
[Black "Malakhovets, Sergey"]
[Result "1-0"]
[WhiteElo "2286"]
[BlackElo "2181"]
[PlyCount "71"]
[EventDate "2023.10.19"]
[EventType "tourn"]
[EventRounds "9"]
[EventCountry "CAN"]

1. e4 c5 2. Nf3 Nc6 3. d4 cxd4 4. Nxd4 Nf6 5. Nc3 e5 6. Ndb5 d6 7. Nd5 Nxd5 8.
exd5 Ne7 9. c3 Nf5 10. a4 Be7 11. Bd3 O-O 12. O-O Bd7 13. Kh1 a6 14. Na3 Nh4
15. f4 f5 16. Nc4 e4 17. Be2 b5 18. axb5 Bxb5 19. Be3 Rf6 20. Nb6 Rb8 21. c4
Be8 22. Rxa6 g5 23. fxg5 Rg6 24. g3 Bxg5 25. Bd4 Nf3 26. Bxf3 exf3 27. Qxf3 f4
28. b4 Qe7 29. gxf4 Bf6 30. Qe3 Qf7 31. Bxf6 Qxf6 32. f5 Qf8 33. Ra7 Rf6 34. c5
dxc5 35. Qg3+ Bg6 36. Nd7 1-0

[Event "Toronto-ch Seniors"]
[Site "Toronto CAN"]
[Date "2023.12.14"]
[Round "9.4"]
[White "Oancea, Nicolae"]
[Black "Verde, Pino"]
[Result "1-0"]
[WhiteElo "2035"]
[BlackElo "1479"]
[PlyCount "45"]
[EventDate "2023.10.19"]
[EventType "tourn"]
[EventRounds "9"]
[EventCountry "CAN"]

1. Nf3 d6 2. d4 g6 3. h3 Bg7 4. e4 Nd7 5. Bc4 e6 6. Be3 a6 7. O-O b5 8. Bd3 Bb7
9. Nbd2 Nh6 10. Nb3 c6 11. Re1 f5 12. exf5 Nxf5 13. Bg5 Nf6 14. Rxe6+ Kd7 15.
Bxf5 gxf5 16. d5 cxd5 17. Nfd4 Qf8 18. Qf3 Ne4 19. Re7+ Kc8 20. Ne6 Nxg5 21.
Rc7+ Kb8 22. Rxb7+ Kc8 23. Qxd5 1-0

[Event "Toronto-ch Seniors Reserves"]
[Site "Toronto CAN"]
[Date "2023.10.26"]
[Round "2.3"]
[White "Parakin, Don"]
[Black "Benggawan, Undriadi"]
[Result "1-0"]
[WhiteElo "1345"]
[BlackElo "1397"]
[PlyCount "77"]
[EventDate "2023.10.19"]
[EventType "tourn"]
[EventRounds "7"]
[EventCountry "CAN"]

1. d4 Nf6 2. c4 d5 3. cxd5 Nxd5 4. e4 Nb6 5. Nf3 Bg4 6. Be2 e6 7. Nc3 Be7 8. h3
Bh5 9. Bf4 c6 10. O-O O-O 11. g4 Bg6 12. Ne5 N8d7 13. Nxg6 fxg6 14. Bg3 Bh4 15.
Qb3 Re8 16. Bh2 Kh8 17. Rad1 Qe7 18. Bf3 e5 19. d5 c5 20. Nb5 c4 21. Qc2 Nc5
22. Be2 Rac8 23. Bxc4 Nxc4 24. Qxc4 a6 25. Nc3 Ne6 26. Qd3 Nd4 27. f4 Qc5 28.
Kh1 Qc4 29. fxe5 Qxd3 30. Rxd3 Nc2 31. e6 Ne1 32. Re3 Nc2 33. Ref3 Kg8 34. Rf7
Bf6 35. e5 Bg5 36. Ne4 Be7 37. d6 Ne3 38. d7 Rf8 39. dxc8=Q 1-0

[Event "Toronto-ch Seniors Reserves"]
[Site "Toronto CAN"]
[Date "2023.11.16"]
[Round "5.3"]
[White "Garel, Richard"]
[Black "Mourgelas, James"]
[Result "1-0"]
[WhiteElo "1492"]
[BlackElo "1266"]
[PlyCount "83"]
[EventDate "2023.10.19"]
[EventType "tourn"]
[EventRounds "7"]
[EventCountry "CAN"]

1. e4 c6 2. d4 d5 3. e5 Bf5 4. h4 h6 5. g4 Bd7 6. Nh3 Qb6 7. Nf4 e6 8. c3 Na6
9. Qb3 Ne7 10. Qxb6 axb6 11. b4 b5 12. a4 bxa4 13. Ra2 a3 14. Rxa3 Nc7 15.
Rxa8+ Nxa8 16. Bd3 b5 17. Nd2 Nb6 18. Bc2 Nec8 19. Bb2 Be7 20. Nd3 Nc4 21. Nxc4
bxc4 22. Nc5 Bxc5 23. dxc5 Na7 24. Kd2 Ke7 25. Ra1 Nb5 26. Ra5 Rb8 27. Ba4 Kf8
28. Bxb5 cxb5 29. Ke3 g6 30. Kd4 Bc6 31. Bc1 Kg7 32. Ra6 Rc8 33. f4 h5 34. gxh5
gxh5 35. f5 exf5 36. Rxc6 Rxc6 37. Kxd5 Rc8 38. Kd6 Kf8 39. Kd7 Ra8 40. c6 Ra7+
41. c7 f6 42. e6 1-0